Andor Characters by Picture - Statistics

General Stats
  • This quiz has been taken 57 times
  • The average score is 15 of 20
Answer Stats
Picture Answer % Correct
Cassian Andor
100%
Mon Mothma
100%
Bix Caleen
98%
Luthen Rael
98%
Dedra Meero
91%
Syril Karn
89%
Kleya Marki
85%
Orson Krennic
85%
Saw Gerrera
85%
Lonni Jung
72%
Vel Sartha
70%
Kino Loy
68%
Lio Partagaz
68%
Maarva Andor
68%
B2EMO
66%
Wilmon Paak
66%
Cinta Kaz
64%
Brasso
62%
Tay Kolma
57%
Blevin
32%
No matching quizzes found
Score Distribution
Percent of People with Each Score
Percentile by Number Answered
Your Score History
You have not taken this quiz